| 000 | 00497cam a2200181 a 4500 | ||
|---|---|---|---|
| 020 | _a1565102673 | ||
| 040 | _cDLC | ||
| 082 | 0 | 0 | _a325 GRE 1995 A021 Or. |
| 245 | 0 | 0 | _aImmigration policy / |
| 260 |
_aSan Diego, Calif. : _bGreenhaven Press, _cc1995. |
||
| 300 |
_a125 p. : _bchart ; _c23 cm. |
||
| 490 | 1 | _aAt issue | |
| 650 | 0 | _aRefugees | |
| 650 | 0 | _aEmigration and immigration law | |
| 700 | 1 | _aBarbour, Scott, | |
| 856 | 4 | 1 | _uhttp://www.loc.gov/catdir/toc/fy0709/94028149.html |
| 942 | _cEK | ||
| 999 |
_c12750 _d12750 |
||